000
00470nam a2200145Ia 4500
008
100122s9999 xx 000 0 und d
082
_b
8682
_a
823.08
100
_a
अदवंत म ना
245
_a
नसते उपदव्याप
260
_b
कॉटीनेंटल बुक सर्व्हीस
_c
1956
300
_a
120
630
_a
नसते उपदव्याप
730
_a
नसते उपदव्याप
942
_c
BOOK
999
_c
400914
_d
400911